MDQL
is popping MORE tags! Check the
thread
!
Quizzes
Events
Quiz Creation
Community
Videos
Private Events
Remove Ads
Sign In
Join for FREE
Feedback
Dark Mode
Quiz Categories
Sports
Geography
Music
Movies
Television
Just For Fun
Miscellaneous
History
Literature
Language
Science
Gaming
Entertainment
Religion
Holiday
For Kids
Quiz Lab
Recent
Popular Today
Quiz Kudos Today
Editor Picks
Curator Picks
Quizzes by...
Day
Popularity
Type
Ratings
Length
Year
Community
Subscriptions
Recent Discussions
Orange Saloon
Badges
Playlists
Quests
Create
Leaderboards
Showdown
Live 5
Trivia Bingo
Activity
Puzzle Library
Sporcle Events
Private Events
Virtual Trivia
Globe League
Become a Host
Pub Owners
SporcleCon
Opinionation
Our Games
Videos
Blog
Mobile Apps
Partnerships
Remove Ads and Go Orange
Feedback
Television
TV Characters
TV Show
Sitcom
Network
Friends
Reality Shows
Cast
South Park
Star Trek
The Simpsons
Doctor Who
Television
TV Characters
TV Show
Sitcom
Network
Friends
Reality Shows
Cast
South Park
Star Trek
The Simpsons
Doctor Who
Random Quiz
Search Sporcle
×
Quiz Lab
Quiz Lab
Television
United States
Select answers by clicking on text or image buttons
Select answers by clicking on text or image buttons
Clickable
Best Score? Go Orange.
50 States 50 TV Shows (clickable) Stats
Can you pick the the states these 50 TV shows are set in?
By
unusmultorum
10m
50 Questions
755 Plays
755 Plays
755 Plays
Comments
Comments
Give Quiz Kudos
Give Quiz Kudos
-
- Ratings
hide this ad
Forced Order
Answers have to be entered in order
Answers have to be entered in order
Replay
Link that replays current quiz
Next Quiz
Link to next quiz in quiz playlist
You Got
0%
They Got
Avg Score
32%
Avg Friend Score
Upgrade to see
Score Distribution
Jump to the score distribution portion of the page
Score
0/50
Timer
10:00
0
Plays Today
% Correct
Tennessee
89.5%
Rhode Island
80.7%
Alaska
67.2%
Wisconsin
66.9%
Michigan
62.4%
Texas
61.9%
Indiana
58.5%
Maryland
56.7%
Utah
55.9%
New Mexico
54.7%
Florida
52.8%
Illinois
52.2%
New York
51.8%
California
50.7%
Louisiana
47%
Wyoming
46.8%
Alabama
37.1%
Maine
35.8%
New Jersey
35.1%
Washington
33.6%
Virginia
32.8%
Ohio
32.7%
Kentucky
32.2%
Mississippi
31%
Vermont
30.6%
% Correct
North Carolina
26.6%
West Virginia
26.6%
Massachusetts
25.2%
Georgia
21.7%
Minnesota
21.2%
Connecticut
19.9%
Colorado
19.2%
Iowa
18.4%
Nevada
18%
Arizona
17.9%
Oregon
17.5%
Arkansas
15.6%
Pennsylvania
13%
Oklahoma
11%
South Carolina
10.9%
New Hampshire
9.7%
Missouri
8.7%
Delaware
7.5%
Kansas
7.4%
Hawaii
7%
South Dakota
6.6%
Montana
6.4%
Nebraska
4.6%
Idaho
4.5%
North Dakota
4%
Quiz Playlist
Details
Report
Send in Message
Add To Playlist
Clickable:
Select answers by clicking on text or image buttons
Forced Order:
Answers have to be entered in order
Quiz Source
Last Updated: Feb 16, 2017
Quiz Scoreboard
CHALLENGE
Sign Up to Join the Scoreboard
Show All
Scores
Hide
Comments
May contain spoilers
Recently Published
5x2 Blitz: Bands
by SL_Kpop136
Music
30s
Colored Red Africa Blitz
by spor1
Geography
30s
Find the 'City' Movie
by crazypaving
Movies
60s
More to Explore
Quiz From the Vault
Featured Blog Post
14 Easter Pick-up Lines to Find Eggs With
hide this ad
You Might Also Like...
Tags
TV Show Quiz
United States Quiz
TV 50
Today's Top Quizzes in Television
Browse Television
hide this ad
Today's Top Quizzes in United States
Browse United States
Top Contributed Quizzes in Television
1
Survivor Journey Challenge
2
Brooklyn Nine Nine Logic Puzzle (How-To-Play)
3
Phoebe Buffay Quotes
4
Survivor Trivia
5
Total Drama Characters
6
Survivor Logic Puzzle: Heroes vs. Villains
7
One Tree Hill Logic Puzzle
8
Survivor Heroes vs. Villains Logic Puzzle
9
All US Survivor Seasons in Order
10
Adjectives in 00s TV Shows
Explore More
Trending Topics
Harry Potter
Kpop
Anime
Marvel
Disney
Crossword
NBA
Country
Soccer
Puzzle
WWE
Pokémon
Song
The Office
NFL
hide this ad
More By:
unusmultorum
Quiz
Plays
Rating
Category
Featured
Created
50 States 50 TV Shows (clickable)
755
4.14
Television
Apr 1, 2013
You Have Selected: Regicide!
154
4.40
History
Apr 20, 2013
Go to Creator's Profile
Score Distribution
Quiz Creator Spotlight
unusmultorum
Follow
Send a Message
Quizzes Created
-
Created Quiz Play Count
-
More By This Creator
Popular Quizzes Today
1
Colored Red Africa Blitz
2
Find the 'City' Movie
3
Find the US States - No Outlines Minefield
4
5x2 Blitz: Bands
5
The Countries of the World
6
Find the US States
7
Find the Countries of Europe - No Outlines Minefield
8
US States
More Television Quizzes
Missing Word: The First Ten... Friends Episodes
Curator's Pick
Trending Quizzes
Colored Red Europe Blitz I
Colored Red Europe Blitz II
Colored Red Africa Blitz II
Colored Red Europe Blitz III
Colored Red Africa Blitz III
Recently Updated
How Do You Spell That?
pecheneg
Godzilla Movies
pecheneg
Grab Bag: 4-10 Letters
pecheneg
2024 March Madness Bracket
pecheneg
Famous TV Couples
Peacemaker
Champions League XIs: Real Madrid
pecheneg
Largest US Cities 1790-2010
pecheneg
Rides in Walt Disney World
pecheneg
Most Oscar Losses (Acting)
pecheneg
Beyoncé Albums
pecheneg
Trending Topics
Disney
NBA
Harry Potter
Kpop
Marvel
Crossword
Anime
Country
The Office
Song
Pokémon
Soccer
Puzzle
WWE
NFL
Your Account Isn't Verified!
In order to create a playlist on Sporcle, you need to verify the email address you used during registration. Go to your
Sporcle Settings
to finish the process.
Report this User
Report this user for behavior that violates our
Community Guidelines
.
Details:
Send Report
Go to the Sporcle.com Mobile Site →
Comments